000
00304nam a22001337a 4500
008
181012b xxu||||| |||| 00| 0 eng d
020
_a
9781439810736
041
_a
eng
080
_2
2nd
_a
531
100
_a
43
101
_a
FIZ
245
_a
Superstrings and Other Things
_c
Calle, C.I
942
_2
udc
_c
BK
999
_c
49478
_d
49478